| 000 | 00541pab a2200181 454500 | ||
|---|---|---|---|
| 008 | 180718b2009 xxu||||| |||| 00| 0 eng d | ||
| 100 | _aBorel-Saladin, Jacqueline | ||
| 245 | _aSocial polarisation or professionalisation? another look at theory and evidence on deindustrialisation and the rise of the service sector | ||
| 260 | _c2009 | ||
| 300 | _ap.645-64. | ||
| 362 | _aMar | ||
| 650 | _aIndustrialization | ||
| 650 | _aService industries | ||
| 700 | _aCrankshaw, Owen | ||
| 773 | _aUrban Studies | ||
| 908 | _aN | ||
| 909 | _a81938 | ||
| 999 |
_c81938 _d81938 |
||